Statistics for 平成各年のシングルヒット曲1位

Click here to take the quiz!

General Stats

  • This quiz has been taken 137 times
  • The average score is 13 of 30

Answer Stats

西暦和暦発売日曲名アーティスト名% Correct
2003年平成15年03月05日世界に一つだけの花 / 僕は君を連れてゆくSMAP
86%
2007年平成19年05月24日千の風になって / リンゴ追分秋川雅史
83%
2005年平成17年11月02日青春アミーゴ / カラフル / 絆修二と彰
75%
1990年平成2年04月04日おどるポンポコリン / ゆめいっぱいB.B.クィーンズ
75%
1989年平成元年04月21日Diamonds / Mプリンセス・プリンセス
75%
1999年平成11年03月03日だんご三兄弟速水けんたろう、茂森あゆみ、
ひまわりキッズ、だんご合唱団
71%
2000年平成12年01月26日TSUNAMI / 通りゃんせサザンオールスターズ
71%
2002年平成14年07月24日『H』 independent / July 1st / HANABI浜崎あゆみ
68%
2004年平成16年04月28日瞳をとじて / DESPERADO平井堅
59%
2011年平成23年08月24日フライングゲット / 抱きしめちゃいけない / 青春と気づかないままAKB48
54%
1992年平成4年05月04日君がいるだけで / 愛してる米米CLUB
52%
1991年平成3年02月06日Oh!Yeah! / ラブストーリーは突然に小田和正
52%
1997年平成9年02月19日CAN YOU CELEBRATE? / Dreaming I was dreaming安室奈美恵
51%
2006年平成18年03月02日Real Face / GLORIA / Will Be All RightKAT-TUN
51%
1993年平成5年03月03日YAH YAH YAH / 夢の番人CHAGE & ASKA
46%
1994年平成6年06月01日innocent world / my confidence songMr.Children
45%
1996年平成8年02月05日名もなき詩 / また会えるかなMr.Children
42%
1995年平成7年07月24日LOVE LOVE LOVE / 嵐が来るDREAM COMES TRUE
40%
1998年平成10年04月29日誘惑 / Little LovebirdsGLAY
35%
2001年平成13年02月16日Can You Keep A Secret? / 蹴っ飛ばせ!宇多田ヒカル
28%
2008年平成20年08月20日truth / 風の向こうへ
22%
2012年平成24年05月23日真夏のSounds good! / 3つの涙 / ちょうだい、ダーリン!AKB48
21%
2009年平成21年03月04日Believe / 曇りのち、快晴嵐 / 矢野健太 starring Satoshi Ohno
20%
2013年平成25年05月22日さよならクロール / バラの果実 / イキルコトAKB48
19%
2010年平成22年10月27日Beginner / 僕だけのvalue / 君についてAKB48
18%
2014年平成26年05月21日ラブラドール・レトリバー / 今日までのメロディー / 君は気まぐれAKB48
13%
2015年平成27年05月20日僕たちは戦わない / Summer side / “ダンシ”は研究対象AKB48
8%
2018年平成30年05月30日Teacher Teacher / 君は僕の風 / ロマンティック準備中AKB48
6%
2017年平成29年05月31日願いごとの持ち腐れ / イマパラ / 前触れAKB48
5%
2016年平成28年06月01日翼はいらない Set me free / 恋をすると馬鹿を見るAKB48
1%

Score Distribution

Percentile by Number Answered

Percent of People with Each Score

Your Score History

You have not taken this quiz